|
|
|
|
| LEADER |
02234nam a2200565 i 4500 |
| 001 |
nkc20193122377 |
| 003 |
CZ PrNK |
| 005 |
20200324094705.0 |
| 007 |
ta |
| 008 |
190809s2019 xr af f 001 0 cze |
| 015 |
|
|
|a cnb003122377
|
| 020 |
|
|
|a 978-80-7509-666-1
|q (brožováno)
|
| 035 |
|
|
|a (OCoLC)1143796284
|
| 040 |
|
|
|a BOA001
|b cze
|e rda
|
| 041 |
0 |
|
|a cze
|b eng
|
| 043 |
|
|
|a cl-----
|
| 072 |
|
7 |
|a 911
|x Obecná geografie. Systematická geografie
|2 Konspekt
|9 7
|
| 080 |
|
|
|a 911.3:316
|2 MRF
|
| 080 |
|
|
|a 308
|2 MRF
|
| 080 |
|
|
|a 94(72+8)
|2 MRF
|
| 080 |
|
|
|a (72+8)
|2 MRF
|
| 080 |
|
|
|a (048.8)
|2 MRF
|
| 100 |
1 |
|
|a Hrabálek, Martin,
|d 1980-
|7 js20060908011
|4 aut
|4 pht
|
| 245 |
1 |
0 |
|a Latinská Amerika a její rozvojové problémy: nesnadná cesta vpřed? /
|c Martin Hrabálek
|
| 250 |
|
|
|a Vydání: první
|
| 264 |
|
1 |
|a Brno :
|b Mendelova univerzita v Brně,
|c 2019
|
| 300 |
|
|
|a 83 stran, 14 nečíslovaných stran obrazových příloh :
|b barevné ilustrace ;
|c 26 cm
|
| 336 |
|
|
|a text
|b txt
|2 rdacontent
|
| 337 |
|
|
|a bez média
|b n
|2 rdamedia
|
| 338 |
|
|
|a svazek
|b nc
|2 rdacarrier
|
| 500 |
|
|
|a Na obálce vročení: 2018
|
| 500 |
|
|
|a 100 výtisků
|
| 504 |
|
|
|a Obsahuje bibliografii, bibliografické odkazy a rejstřík
|
| 546 |
|
|
|a Anglické resumé
|
| 500 |
|
|
|a Dostupné též v digitální podobě v aplikaci Kramerius
|
| 650 |
0 |
7 |
|a sociální geografie
|7 ph125786
|z Latinská Amerika
|2 czenas
|
| 650 |
0 |
9 |
|a human geography
|z Latin America
|2 eczenas
|
| 651 |
|
7 |
|a Latinská Amerika
|7 ge129767
|x sociální poměry
|2 czenas
|
| 651 |
|
7 |
|a Latinská Amerika
|7 ge129767
|x dějiny
|2 czenas
|
| 651 |
|
9 |
|a Latin America
|x social conditions
|2 eczenas
|
| 651 |
|
9 |
|a Latin America
|x history
|2 eczenas
|
| 655 |
|
7 |
|a studie
|7 fd133597
|2 czenas
|
| 655 |
|
9 |
|a studies
|2 eczenas
|
| 856 |
4 |
1 |
|u https://www.digitalniknihovna.cz/mzk/uuid/uuid:39c78fc0-748b-11ee-b4a6-5ef3fc9bb22f
|y Digitalizovaný dokument
|x NDK
|
| 910 |
2 |
|
|a BOA001
|b 2-1436.183
|
| 990 |
|
|
|a BK
|
| 995 |
|
|
|a 01
|
| 991 |
|
|
|b 201911
|c NOV
|
| 996 |
6 |
|
|b 2610801289
|c 2-1436.183
|l MZK
|r Sklad / do 1 hodiny
|n 6
|p p.v.
|w 001762688
|u 000010
|a 1
|e BOA001
|j MZK50
|s P
|
| 996 |
7 |
|
|b 2610801290
|c 2-1436.183
|l MZK
|r Sklad / do 1 hodiny
|n 12
|p p.v.
|w 001762688
|u 000020
|a 1
|e BOA001
|j MZK50
|s A
|